| 000 | 00859 a2200217 4500 | ||
|---|---|---|---|
| 001 | 59951 | ||
| 005 | 20260407155852.0 | ||
| 008 | 260407a2004 arg spa d | ||
| 003 | AR-UNSa-BCEJYS | ||
| 040 |
_aAR-UNSa-BCEJYS _bspa _cAR-UNSa-BCEJYS |
||
| 080 |
_a339.923:061.1EU _xDisposiciones económicas de la Unión Europea |
||
| 245 | 1 | 0 |
_aUnión Europea _p¿Paradigma de integración? |
| 020 | _a950-29-0808-2 | ||
| 264 | 1 |
_aBuenos Aires : _bUniversidad de Buenos Aires. Facultad de Derecho. Departamento de Publicaciones _c2004 |
|
| 300 |
_a407 p. _c23 cm. |
||
| 505 | _aPrimera Parte: Antecedentes, génesis y evolución de las comunidades europeas – 2. La comunidad europea – 3. La unión Europea – 4. El nuevo damero europeo – | ||
| 041 | _aspa | ||
| 942 | _cBK | ||
| 590 | _aniveau_biblio:m niveau_hierar:0 | ||
| 100 | 1 | _aIza, Alejandro Omar | |
| 999 |
_c6847 _d6847 |
||